00290nam a2200109Ia 4500008004100000041000800041100001600049245005900065260002900124300000800153999001900161230822s1999 xx 000 0 und d aeng aPARKER S.A. aPERSONAL LETTERS FOR ALL OCCASIONS WHAT SHALL I WRITE? bVMP PUB . MUMBAI c1999 a100 c856995d856995